|
|
|
|
| LEADER |
00000nab a2200000uu 4500 |
| 001 |
vtls010880287 |
| 003 |
SK-MaSNL |
| 005 |
20260303163730.0 |
| 008 |
230303|1960 xo |||||||||||||||||slo| |
| 015 |
|
|
|a SNBRB
|
| 035 |
|
|
|a (urnnbn)urn:nbn:sk:snk:ar-005xak
|
| 035 |
|
|
|a (uuid)95759614-c3c3-4c48-a708-09343f9d173a
|
| 035 |
|
|
|a urn:nbn:sk:snk-ab7oiw
|
| 040 |
|
|
|a SNKBUCL
|b slo
|c SNKBUCL
|e AACR2
|
| 041 |
0 |
|
|a slo
|
| 044 |
|
|
|a xo
|c SK
|
| 100 |
1 |
|
|a Dykyj, Jaroslav,
|d 1911-1998
|4 aut
|9 458073
|
| 245 |
1 |
0 |
|a ROVNOVÁHA KVAPALINA-PARA SÚSTAVY IZOPROPYLCHLORID-ALYLCHLORID
|c J. Dykyj, J. Paulech, M. Šepráková
|
| 700 |
1 |
|
|a Paulech, J.
|4 aut
|9 718878
|
| 700 |
1 |
|
|a Šepráková, M.
|4 aut
|9 1186676
|
| 773 |
0 |
|
|t Chemické zvesti
|g Roč. 14, č. 5 (1960), s. [327]-333
|
| 954 |
|
|
|a odborná, vedecká literatúra cudzojazyčná (svetová)
|2 lita
|
| 954 |
|
|
|a odborná, vedecká literatúra pôvodná (slovenská)
|2 lita
|
| 958 |
|
|
|a EUIPO
|
| 958 |
|
|
|a OND
|
| 958 |
|
|
|a article8
|
| 999 |
|
|
|c 2060842
|d 2062772
|